Business organisation and management/ (Record no. 11556)
[ view plain ]
| 000 -LEADER | |
|---|---|
| fixed length control field | 00666nam a22002297a 4500 |
| 005 - DATE AND TIME OF LATEST TRANSACTION | |
| control field | 20260515114945.0 |
| 008 - FIXED-LENGTH DATA ELEMENTS--GENERAL INFORMATION | |
| fixed length control field | 230818b ||||| |||| 00| 0 eng d |
| 020 ## - INTERNATIONAL STANDARD BOOK NUMBER | |
| International Standard Book Number | 9789389491784 |
| 040 ## - CATALOGING SOURCE | |
| Original cataloging agency | IN-DiNC |
| Transcribing agency | IN-DiNC |
| 041 ## - LANGUAGE CODE | |
| Language code of sung or spoken text | eng |
| 082 ## - DEWEY DECIMAL CLASSIFICATION NUMBER | |
| Classification number | 658 |
| Item number | BOR |
| 100 ## - MAIN ENTRY--PERSONAL NAME | |
| Personal name | Borah, Kukil |
| Relator term | author |
| 245 ## - TITLE STATEMENT | |
| Title | Business organisation and management/ |
| Statement of responsibility, etc. | by Kukil Borah, Arabinda Deb Nath and Jecob Konwar |
| 250 ## - EDITION STATEMENT | |
| Edition statement | 1st ed. |
| 260 ## - PUBLICATION, DISTRIBUTION, ETC. | |
| Place of publication, distribution, etc. | Guwahati: |
| Name of publisher, distributor, etc. | Ashok publication, |
| Date of publication, distribution, etc. | 2023. |
| 300 ## - PHYSICAL DESCRIPTION | |
| Extent | 479p. |
| 650 ## - SUBJECT ADDED ENTRY--TOPICAL TERM | |
| Topical term or geographic name entry element | Business environment |
| 650 ## - SUBJECT ADDED ENTRY--TOPICAL TERM | |
| Topical term or geographic name entry element | Issues in management |
| 700 ## - ADDED ENTRY--PERSONAL NAME | |
| Personal name | Nath, Arabinda Deb |
| Relator term | author |
| 700 ## - ADDED ENTRY--PERSONAL NAME | |
| Personal name | Konwar, Jecob |
| Relator term | author |
| 942 ## - ADDED ENTRY ELEMENTS (KOHA) | |
| Source of classification or shelving scheme | Dewey Decimal Classification |
| Koha item type | Books |
| Withdrawn status | Lost status | Source of classification or shelving scheme | Damaged status | Not for loan | Collection | Home library | Current library | Shelving location | Date acquired | Cost, normal purchase price | Total checkouts | Full call number | Barcode | Date last seen | Date last checked out | Copy number | Price effective from | Koha item type |
|---|---|---|---|---|---|---|---|---|---|---|---|---|---|---|---|---|---|---|
| Dewey Decimal Classification | Naharkatiya College Library | Naharkatiya College Library | General stacks | 08/18/2023 | 399.00 | 6 | 658 BOR | 29318 | 11/09/2024 | 10/21/2024 | 1 | 08/18/2023 | Books | |||||
| Dewey Decimal Classification | Naharkatiya College Library | Naharkatiya College Library | General stacks | 08/18/2023 | 399.00 | 7 | 658 BOR | 29319 | 09/09/2025 | 08/26/2025 | 2 | 08/18/2023 | Books | |||||
| Dewey Decimal Classification | Naharkatiya College Library | Naharkatiya College Library | General stacks | 08/18/2023 | 399.00 | 7 | 658 BOR | 29320 | 11/08/2025 | 10/13/2025 | 3 | 08/18/2023 | Books | |||||
| Dewey Decimal Classification | Naharkatiya College Library | Naharkatiya College Library | General stacks | 08/18/2023 | 399.00 | 7 | 658 BOR | 29321 | 08/26/2025 | 08/06/2025 | 4 | 08/18/2023 | Books | |||||
| Dewey Decimal Classification | Naharkatiya College Library | Naharkatiya College Library | General stacks | 08/18/2023 | 399.00 | 7 | 658 BOR | 29322 | 11/15/2025 | 10/13/2025 | 5 | 08/18/2023 | Books | |||||
| Dewey Decimal Classification | Naharkatiya College Library | Naharkatiya College Library | General stacks | 09/13/2024 | 399.00 | 1 | 658 BOR | 30413 | 11/15/2025 | 11/07/2025 | 6 | 09/13/2024 | Books | |||||
| Dewey Decimal Classification | Naharkatiya College Library | Naharkatiya College Library | General stacks | 09/13/2024 | 399.00 | 2 | 658 BOR | 30414 | 11/17/2025 | 11/08/2025 | 7 | 09/13/2024 | Books | |||||
| Dewey Decimal Classification | Naharkatiya College Library | Naharkatiya College Library | General stacks | 09/13/2024 | 399.00 | 2 | 658 BOR | 30415 | 09/06/2025 | 08/26/2025 | 8 | 09/13/2024 | Books |